[Event "Padova op-A 5th"]
[Site "Padova"]
[Date "2002.12.15"]
[Round "2.13"]
[White "Zotti, Enrico"]
[Black "Zavagli, Massimo"]
[Result "0-1"]
[WhiteElo "1740"]
[BlackElo "1666"]
[PlyCount "110"]
[EventDate "2002.12.14"]
[EventType "swiss"]
[EventRounds "6"]
[EventCountry "ITA"]
[SourceTitle "EXT 2023"]
[Source "ChessBase"]
[SourceDate "2022.10.05"]
[SourceVersion "1"]
[SourceVersionDate "2022.10.05"]
[SourceQuality "1"]

1. Nf3 Nf6 2. b3 g6 3. Bb2 Bg7 4. e4 d6 5. Be2 0-0 6. d3 e5 7. Nbd2 Nc6 8. 0-0 Nd7 9. c3 f5 10. d4 Nf6 11. Bc4+ Kh8 12. Ng5 d5 13. exd5 Nxd5 14. dxe5 Nxe5 15. Bxd5 Qxd5 16. c4 Qd8 17. Qe2 Ng4 18. Ndf3 Bxb2 19. Qxb2+ Qf6 20. Qxf6+ Nxf6 21. Rfe1 h6 22. Ne6 Bxe6 23. Rxe6 Rae8 24. Rae1 Rxe6 25. Rxe6 Kg7 26. Kf1 Kf7 27. Re5 Rd8 28. Ke2 Ne4 29. a3 c5 30. Ke3 Kf6 31. b4 b6 32. h4 g5 33. hxg5+ hxg5 34. bxc5 Nxc5 35. Rd5 f4+ 36. Kd4 Ne6+ 37. Kc3 Rxd5 38. cxd5 Nc5 39. Kd4 Kf5 40. Nd2 g4 41. Kc4 Ke5 42. f3 g3 43. Nb1 a6 44. Nc3 Kd6 45. Ne2 Ke5 46. Nd4 Kd6 47. Nf5+ Ke5 48. Ne7 Na4 49. Nc8 b5+ 50. Kb4 Kxd5 51. Ne7+ Kd4 52. Ng6 Ke3 53. Ka5 Nc3 54. Kxa6 Nb1 55. Kxb5 Nxa3+ 0-1

[Event "Padova op-A 5th"]
[Site "Padova"]
[Date "2002.12.14"]
[Round "1.41"]
[White "Zavagli, Massimo"]
[Black "Boaretto, Vanni"]
[Result "1-0"]
[WhiteElo "1666"]
[BlackElo "1500"]
[PlyCount "69"]
[EventDate "2002.12.14"]
[EventType "swiss"]
[EventRounds "6"]
[EventCountry "ITA"]
[SourceTitle "EXT 2023"]
[Source "ChessBase"]
[SourceDate "2022.10.05"]
[SourceVersion "1"]
[SourceVersionDate "2022.10.05"]
[SourceQuality "1"]

1. d4 d5 2. c4 c6 3. Nc3 Nf6 4. cxd5 cxd5 5. Nf3 e6 6. Bg5 Be7 7. e3 a6 8. Bd3 Nc6 9. 0-0 0-0 10. Rc1 h6 11. Bh4 Bd7 12. Na4 b6 13. a3 Nh7 14. Bg3 Ng5 15. Nxg5 Bxg5 16. Qb3 b5 17. Nc5 Na5 18. Qa2 Be7 19. Nxe6 fxe6 20. Bc7 Qe8 21. Bxa5 Rc8 22. Bc7 Qf7 23. b4 Bh4 24. g3 Be7 25. Be5 Rc6 26. Rxc6 Bxc6 27. Rc1 Bd7 28. Rc7 Bd8 29. Ra7 Bg5 30. Rxa6 Rc8 31. f4 Rc1+ 32. Kg2 Qh5 33. Ra8+ Kf7 34. fxg5 Qd1 35. Qf2+ 1-0

[Event "Veneto-ch qf 62nd"]
[Site "Arqua Petrarca"]
[Date "2002.05.12"]
[Round "5.8"]
[White "Zotti, Enrico"]
[Black "Zavagli, Massimo"]
[Result "0-1"]
[WhiteElo "1749"]
[BlackElo "1642"]
[PlyCount "101"]
[EventDate "2002.05.04"]
[EventType "swiss"]
[EventRounds "6"]
[EventCountry "ITA"]
[SourceTitle "EXT 2024"]
[Source "ChessBase"]
[SourceDate "2023.10.10"]
[SourceVersion "1"]
[SourceVersionDate "2023.10.10"]
[SourceQuality "1"]

1. Nf3 Nf6 2. b3 g6 3. Bb2 Bg7 4. e4 d6 5. Be2 0-0 6. d3 c5 7. 0-0 Nc6 8. Nbd2 b5 9. d4 Qb6 10. d5 Nd4 11. Nxd4 cxd4 12. Kh1 e5 13. dxe6 fxe6 14. f4 Bb7 15. Bd3 Nh5 16. Qg4 Bc8 17. e5 dxe5 18. fxe5 Rxf1+ 19. Rxf1 Bxe5 20. Qe4 Qb8 21. Qf3 Bb7 22. Qf7+ Kh8 23. Qxe6 Ng7 24. Qd7 Qc8 25. Qxc8+ Rxc8 26. Rf7 Bd5 27. Rxa7 Nf5 28. Nf3 Bxf3 29. gxf3 Ne3 30. f4 Bf6 31. Rb7 Nxc2 32. Rxb5 Ne3 33. a4 Nd1 34. Rb6 Nxb2 35. Rxf6 Nxd3 36. Rd6 Rc1+ 37. Kg2 Nxf4+ 38. Kf3 g5 39. Rxd4 Rc3+ 40. Kg4 Rxb3 41. Re4 h6 42. h4 Nd5 43. hxg5 hxg5 44. Kxg5 Kg7 45. Kf5 Kf7 46. Ke5 Nb6 47. Kd6 Ra3 48. Rf4+ Kg6 49. Kc6 Nxa4 50. Kb5 Nb2 51. Kb4 0-1

[Event "Padova Fornace op 4th"]
[Site "Padova"]
[Date "2001.12.22"]
[Round "4.21"]
[White "Fragni, Enrico"]
[Black "Zavagli, Massimo"]
[Result "0-1"]
[WhiteElo "1528"]
[BlackElo "1561"]
[PlyCount "56"]
[EventDate "2001.12.15"]
[EventType "swiss"]
[EventRounds "6"]
[EventCountry "ITA"]
[SourceTitle "EXT 2024"]
[Source "ChessBase"]
[SourceDate "2023.10.10"]
[SourceVersion "1"]
[SourceVersionDate "2023.10.10"]
[SourceQuality "1"]

1. d4 Nf6 2. f3 g6 3. e4 d6 4. Be3 Bg7 5. Bd3 0-0 6. Ne2 e5 7. d5 Nbd7 8. Nd2 Nh5 9. Bf2 f5 10. exf5 gxf5 11. 0-0 Qg5 12. Nc4 Ndf6 13. Qd2 Qxd2 14. Nxd2 Nxd5 15. Bc4 Be6 16. Nc3 Ndf4 17. Be3 Bxc4 18. Nxc4 d5 19. Bxf4 Nxf4 20. Na5 d4 21. Nd1 b6 22. Nc6 Rfe8 23. g4 Re6 24. Nb4 c5 25. Na6 Rg6 26. Nf2 Rc8 27. Kh1 fxg4 28. fxg4 b5 0-1